Language Quiz

Random Language or Puzzle Quiz

Make 9-Letter Words Quiz Stats

 Plays Quiz Updated Mar 6, 2012

Also try: Making Names
Challenge
Share
Tweet
Embed
Score 0/45 Timer 06:00
0 Plays Today
Trio Word % Correct
First TrioOPPortune
75.5%
Second TriooppORTune
75.5%
Third TrioopportUNE
75.5%
First TrioDETective
71.8%
Second TriodetECTive
71.8%
Third TriodetectIVE
71.8%
First TrioPARagraph
66.2%
Second TrioparAGRaph
66.2%
Third TrioparagrAPH
66.2%
First TrioARAbesque
62.6%
Second TrioaraBESque
62.6%
Third TrioarabesQUE
62.6%
First TrioTRAversal
60.8%
Second TriotraVERsal
60.8%
Third TriotraverSAL
60.8%
First TrioGERiatric
55.8%
Second TriogerIATric
55.8%
Third TriogeriatRIC
55.8%
First TrioKERfuffle
53%
Second TriokerFUFfle
53%
Third TriokerfufFLE
53%
First TrioBARtender
52.5%
Second TriobarTENder
52.5%
Trio Word % Correct
Third TriobartenDER
52.5%
First TrioPETrology
52.5%
Second TriopetROLogy
52.5%
Third TriopetrolOGY
52.5%
First TrioHIStogram
51.4%
Second TriohisTOGram
51.4%
Third TriohistogRAM
51.4%
First TrioCARbuncle
50%
Second TriocarBUNcle
50%
Third TriocarbunCLE
50%
First TrioSTOckyard
49.2%
Second TriostoCKYard
49.2%
Third TriostockyARD
49.2%
First TrioFLAtulent
46%
Second TrioflaTULent
46%
Third TrioflatulENT
46%
First TrioMARijuana
43.8%
Second TriomarIJUana
43.8%
Third TriomarijuANA
43.8%
First TrioDECimeter
40.5%
Second TriodecIMEter
40.5%
Third TriodecimeTER
40.5%

You're not logged in!

Compare scores with friends on all Sporcle quizzes.
Join for Free
OR
Log In

You Might Also Like...

Show Comments

Extras

Top Quizzes Today


Score Distribution

Your Account Isn't Verified!

In order to create a playlist on Sporcle, you need to verify the email address you used during registration. Go to your Sporcle Settings to finish the process.

Report this User

Report this user for behavior that violates our Community Guidelines.

Details: